Statistics for Words that rhyme with Chad

Click here to take the quiz!

General Stats

  • This quiz has been taken 114 times
  • The average score is 12 of 20

Answer Stats

DefinitionWord% Correct
Another word for fatherDad
98%
Past tense of haveHad
98%
UnhappinessSad
94%
Another word for boy or young manLad
85%
The other island in this country ________ and TobagoTrinidad
78%
Short for advertisment or Anno DominiAd
77%
Capital of IraqBaghdad
76%
First name of a famous vampireVlad
73%
Thick piece of soft materialPad
72%
Father of your father(shortened)Grandad
71%
Member of a people having no permanent
abode, they travel from place to place
Nomad
63%
City renamed St. Peterburg after the
fall of the USSR
Leningrad
62%
Landing area or platform for helicoptersHelipad
55%
Capital of PakistanIslamabad
54%
"Struggle" in Arabic, but
commonly known as "Holy War"
Jihad
52%
Spanish for "city"Ciudad
47%
Something covered or protected with ironIronclad
35%
Spanish for "society"Sociedad
24%
City formerly known as StalingradVolgograd
21%
Spanish for "loneliness"Soledad
4%

Score Distribution

Percentile by Number Answered

Percent of People with Each Score

Your Score History

You have not taken this quiz